[Event "Ligue elite du dimanche"]
[Site "Montreal CAN"]
[Date "2007.09.09"]
[Round "1"]
[White "Landou, Mohamed"]
[Black "Germain, Max"]
[Result "1-0"]
[WhiteElo "1364"]
[BlackElo "1599"]
[PlyCount "97"]
[GameId "2160767910579297"]
[EventDate "2007.09.09"]
[EventType "swiss"]
[EventRounds "5"]
[EventCountry "CAN"]
[SourceTitle "EXT 2022"]
[Source "ChessBase"]
[SourceDate "2021.10.06"]
[SourceVersion "1"]
[SourceVersionDate "2021.10.06"]
[SourceQuality "1"]

1. e4 c6 2. Nf3 d5 3. exd5 cxd5 4. d4 Nc6 5. Bb5 a6 6. Be2 Bf5 7. O-O Nf6 8. Bf4 e6 9. Nh4 Bg6 10. Nxg6 hxg6 11. c4 Bd6 12. Bg3 Nh5 13. Nc3 Bxg3 14. fxg3 dxc4 15. d5 exd5 16. Nxd5 b5 17. Bf3 O-O 18. g4 Nf6 19. Nxf6+ Qxf6 20. g5 Qd4+ 21. Qxd4 Nxd4 22. Bxa8 Rxa8 23. Rad1 Ne6 24. Rd7 Nxg5 25. Rfd1 Rf8 26. Ra7 Ne4 27. Re1 Nc5 28. Ree7 Nd3 29. b3 cxb3 30. axb3 Nc5 31. b4 Nd3 32. Re4 Rc8 33. Kf1 Nb2 34. Rxa6 Nc4 35. Ke2 Rd8 36. Ra7 Rd2+ 37. Kf3 Rd8 38. Ree7 Rf8 39. Ke4 Nd6+ 40. Kd5 Nc8 41. Kc6 Nxa7+ 42. Rxa7 f5 43. Kxb5 f4 44. Kc6 Rc8+ 45. Rc7 Re8 46. b5 Re2 47. b6 Kh7 48. b7 Rb2 49. Rd7 1-0

[Event "Ligue elite du dimanche"]
[Site "Montreal CAN"]
[Date "2007.09.09"]
[Round "1"]
[White "Luo, Alan"]
[Black "Dardoura, Khaled"]
[Result "0-1"]
[WhiteElo "707"]
[BlackElo "1226"]
[PlyCount "68"]
[GameId "2160767910579298"]
[EventDate "2007.09.09"]
[EventType "swiss"]
[EventRounds "5"]
[EventCountry "CAN"]
[SourceTitle "EXT 2022"]
[Source "ChessBase"]
[SourceDate "2021.10.06"]
[SourceVersion "1"]
[SourceVersionDate "2021.10.06"]
[SourceQuality "1"]

1. e4 e5 2. Nf3 Nc6 3. Nc3 Nf6 4. Bb5 d6 5. d4 exd4 6. Nxd4 Bd7 7. Nxc6 Bxc6 8. Bxc6+ bxc6 9. Bg5 Be7 10. O-O O-O 11. h3 Nd7 12. Bxe7 Qxe7 13. Re1 Rfe8 14. Qd4 Qe5 15. Rad1 Qa5 16. Re3 Rab8 17. Rg3 g6 18. Qa4 Qxa4 19. Nxa4 Rxe4 20. f3 Rxa4 21. b3 Rxa2 22. Rc1 Rb4 23. Rg4 c5 24. Rxb4 cxb4 25. Kf2 Nf6 26. Ke2 Nd5 27. Kd2 Nf4 28. Ke3 Nxg2+ 29. Kf2 Nf4 30. Ke3 Ne6 31. Kd3 Nf4+ 32. Kc4 c5 33. Rh1 a6 34. Re1 Rxc2# 0-1

[Event "Ligue elite du dimanche"]
[Site "Montreal CAN"]
[Date "2007.09.09"]
[Round "1"]
[White "Regnier, Alain"]
[Black "Cloutier, Mathieu"]
[Result "1-0"]
[WhiteElo "2109"]
[BlackElo "2048"]
[PlyCount "111"]
[GameId "2160767910579299"]
[EventDate "2007.09.09"]
[EventType "swiss"]
[EventRounds "5"]
[EventCountry "CAN"]
[SourceTitle "EXT 2022"]
[Source "ChessBase"]
[SourceDate "2021.10.06"]
[SourceVersion "1"]
[SourceVersionDate "2021.10.06"]
[SourceQuality "1"]

1. g3 Nf6 2. Bg2 g6 3. e4 d6 4. d4 Bg7 5. Ne2 O-O 6. O-O Nbd7 7. f4 e5 8. fxe5 dxe5 9. d5 Nc5 10. Nec3 b6 11. Na3 Ba6 12. Rf2 Qd7 13. h3 Na4 14. Ne2 h6 15. c4 Nc5 16. Qc2 Qe7 17. g4 Nh7 18. Be3 Qh4 19. b4 Nd7 20. Qa4 Bc8 21. Qc6 Rb8 22. Nb5 Rb7 23. Nbc3 Ng5 24. Bxg5 Qxg5 25. Raf1 Nb8 26. Qa4 Bd7 27. Qd1 Qe7 28. Qb3 a5 29. bxa5 Qc5 30. Nc1 Qxa5 31. Nd3 Na6 32. Nb5 Nc5 33. Nxc5 bxc5 34. a4 Bxb5 35. cxb5 Ra7 36. Ra1 Rb8 37. Bf1 Qb4 38. Qf3 f6 39. Rfa2 Rba8 40. Qa3 Qxe4 41. Qxc5 Bf8 42. Qc4 Qe3+ 43. Kh1 Bd6 44. Qd3 Qg5 45. a5 f5 46. gxf5 Qxf5 47. a6 e4 48. Qb3 Qe5 49. Qe3 Kg7 50. Re1 Qxd5 51. Rd2 Qe5 52. Bc4 Qg3 53. Qxg3 Bxg3 54. Rxe4 Rf8 55. Rd7+ Kh8 56. Ree7 1-0

[Event "Ligue elite du dimanche"]
[Site "Montreal CAN"]
[Date "2007.09.09"]
[Round "1"]
[White "Zire, Mohamed"]
[Black "Landry, Martin"]
[Result "1-0"]
[WhiteElo "1385"]
[BlackElo "1636"]
[PlyCount "105"]
[GameId "2160767910579300"]
[EventDate "2007.09.09"]
[EventType "swiss"]
[EventRounds "5"]
[EventCountry "CAN"]
[SourceTitle "EXT 2022"]
[Source "ChessBase"]
[SourceDate "2021.10.06"]
[SourceVersion "1"]
[SourceVersionDate "2021.10.06"]
[SourceQuality "1"]

1. e4 c5 2. Nf3 e6 3. d4 cxd4 4. Nxd4 Nf6 5. Nc3 d6 6. Be2 Be7 7. O-O a6 8. f4 Qc7 9. f5 e5 10. Nb3 b5 11. a3 Bb7 12. Bd3 Nbd7 13. Bg5 h6 14. Bh4 Nxe4 15. Bxe4 Bxh4 16. Bxb7 Qxb7 17. Qxd6 Be7 18. Qd3 Rd8 19. Qe2 O-O 20. Ne4 Qc6 21. c3 Nf6 22. Nbd2 Rd5 23. Nxf6+ Qxf6 24. Ne4 Qb6+ 25. Kh1 Bf6 26. Rad1 Rfd8 27. Rxd5 Rxd5 28. Qf3 Rd8 29. Rd1 Rxd1+ 30. Qxd1 Qd8 31. Qxd8+ Bxd8 32. Kg1 Bb6+ 33. Kf1 f6 34. Ke2 Kf8 35. Kd3 Ke7 36. b3 a5 37. c4 bxc4+ 38. bxc4 Kd7 39. a4 Kc6 40. Ke2 Bd8 41. Kf3 Be7 42. Kg4 Kd7 43. Kh5 Ke8 44. Kg6 Kf8 45. c5 Bd8 46. Nc3 Ke8 47. c6 Bc7 48. Kxg7 e4 49. Nxe4 Bxh2 50. Kxf6 Kf8 51. g3 Ke8 52. Ke6 Kd8 53. f6 1-0

[Event "Ligue elite du dimanche"]
[Site "Montreal CAN"]
[Date "2007.09.16"]
[Round "2"]
[White "Cloutier, Mathieu"]
[Black "Gauthier, Denis"]
[Result "1-0"]
[WhiteElo "2048"]
[BlackElo "1996"]
[PlyCount "67"]
[GameId "2160767910579301"]
[EventDate "2007.09.09"]
[EventType "swiss"]
[EventRounds "5"]
[EventCountry "CAN"]
[SourceTitle "EXT 2022"]
[Source "ChessBase"]
[SourceDate "2021.10.06"]
[SourceVersion "1"]
[SourceVersionDate "2021.10.06"]
[SourceQuality "1"]

1. e4 c5 2. Nf3 e6 3. d4 cxd4 4. Nxd4 a6 5. Bd3 Nf6 6. O-O Qc7 7. Nc3 Nc6 8. Nxc6 bxc6 9. Be3 d6 10. Qe2 Be7 11. f3 O-O 12. Qf2 Rb8 13. Na4 Nd7 14. b3 Bf6 15. Rad1 Ne5 16. Be2 c5 17. f4 Nc6 18. c3 a5 19. g4 g6 20. g5 Bg7 21. h4 Bd7 22. e5 dxe5 23. Bxc5 exf4 24. Bd6 Qc8 25. Bxf8 Bxf8 26. Nb6 Rxb6 27. Qxb6 Ne5 28. Qxa5 Bc5+ 29. Kh2 f3 30. Bxf3 Nxf3+ 31. Rxf3 Qb8+ 32. Kh3 Qb7 33. Qd8+ Kg7 34. Rxf7+ 1-0

[Event "Ligue elite du dimanche"]
[Site "Montreal CAN"]
[Date "2007.09.16"]
[Round "2"]
[White "Deer, Dennis"]
[Black "Charbonneau, Olivier"]
[Result "1-0"]
[WhiteElo "1321"]
[BlackElo "1276"]
[PlyCount "109"]
[GameId "2160767910579302"]
[EventDate "2007.09.09"]
[EventType "swiss"]
[EventRounds "5"]
[EventCountry "CAN"]
[SourceTitle "EXT 2022"]
[Source "ChessBase"]
[SourceDate "2021.10.06"]
[SourceVersion "1"]
[SourceVersionDate "2021.10.06"]
[SourceQuality "1"]

1. d4 d5 2. c4 c6 3. Nf3 Nf6 4. Nc3 e6 5. e3 Bd6 6. Bd3 O-O 7. O-O Nbd7 8. cxd5 exd5 9. Qc2 Re8 10. Bd2 Nf8 11. Rab1 a6 12. b4 Bg4 13. Be2 b5 14. Rfc1 Qe7 15. a3 Rec8 16. Be1 Qc7 17. h3 Bd7 18. Nd2 Ne6 19. Nb3 Re8 20. Nd1 Rac8 21. Nb2 Rf8 22. Nd3 Be8 23. Ndc5 Nxc5 24. Nxc5 Qa7 25. Rb3 Nd7 26. Bg4 f6 27. Rc3 Bg6 28. Bf5 Bxf5 29. Qxf5 Nxc5 30. dxc5 Be7 31. Rd3 Rfd8 32. Bc3 Qc7 33. Rd4 Qd7 34. Qxd7 Rxd7 35. e4 Rcd8 36. Rcd1 Kf8 37. exd5 Rxd5 38. Rxd5 Rxd5 39. Rxd5 cxd5 40. Kf1 Kf7 41. Ke2 Bd8 42. Ke3 Ke6 43. Kd4 f5 44. f4 g6 45. Kd3 Bc7 46. g3 Bb8 47. Kd4 Bc7 48. Bd2 Bb8 49. Be3 Bc7 50. Kd3 Bb8 51. Bd4 Bc7 52. Bg7 Bb8 53. Kd4 Bc7 54. Be5 Kd7 55. Kxd5 1-0

[Event "Ligue elite du dimanche"]
[Site "Montreal CAN"]
[Date "2007.09.16"]
[Round "2"]
[White "Germain, Max"]
[Black "Perreault, Jacques"]
[Result "1-0"]
[WhiteElo "1599"]
[BlackElo "1593"]
[PlyCount "97"]
[GameId "2160767910579303"]
[EventDate "2007.09.09"]
[EventType "swiss"]
[EventRounds "5"]
[EventCountry "CAN"]
[SourceTitle "EXT 2022"]
[Source "ChessBase"]
[SourceDate "2021.10.06"]
[SourceVersion "1"]
[SourceVersionDate "2021.10.06"]
[SourceQuality "1"]

1. d4 Nf6 2. Bg5 c5 3. Nf3 h6 4. Bf4 Qb6 5. b3 g5 6. dxc5 Qb4+ 7. Bd2 Qxc5 8. Be3 Qc7 9. Bd4 Bg7 10. e3 Nc6 11. Bb2 d6 12. Be2 Bf5 13. Bd3 Rc8 14. Bxf5 Qa5+ 15. Nbd2 Qxf5 16. O-O e5 17. Nc4 Ne4 18. Nfd2 Bf8 19. Nxe4 Qxe4 20. f3 Qg6 21. e4 b5 22. Ne3 a5 23. c4 bxc4 24. Nxc4 Qe6 25. Rc1 Be7 26. Nb6 Rc7 27. Nd5 Rc8 28. Rf2 O-O 29. Rfc2 Na7 30. Rc7 Rxc7 31. Rxc7 Nc8 32. Qc2 Rd8 33. Qc6 Bf8 34. Qb7 Kh7 35. Bc3 a4 36. Rxf7+ Kg6 37. Rc7 h5 38. bxa4 g4 39. f4 Ne7 40. Nxe7+ Kh6 41. Nf5+ Kg6 42. fxe5 dxe5 43. Qb2 Rd1+ 44. Kf2 Qa6 45. Qb5 Qe6 46. Rc6 Bd6 47. Qb3 g3+ 48. hxg3 Qd7 49. Qg8+ 1-0

[Event "Ligue elite du dimanche"]
[Site "Montreal CAN"]
[Date "2007.09.16"]
[Round "2"]
[White "Gilman, Arkadiy"]
[Black "Regnier, Alain"]
[Result "0-1"]
[WhiteElo "2068"]
[BlackElo "2109"]
[PlyCount "74"]
[GameId "2160767910579304"]
[EventDate "2007.09.09"]
[EventType "swiss"]
[EventRounds "5"]
[EventCountry "CAN"]
[SourceTitle "EXT 2022"]
[Source "ChessBase"]
[SourceDate "2021.10.06"]
[SourceVersion "1"]
[SourceVersionDate "2021.10.06"]
[SourceQuality "1"]

1. d4 Nf6 2. c4 c5 3. d5 e6 4. Nc3 exd5 5. cxd5 d6 6. e4 g6 7. h3 Bg7 8. Nf3 O-O 9. Bd3 Re8 10. O-O a6 11. a4 Nbd7 12. Re1 Ne5 13. Nxe5 Rxe5 14. Bf4 Re8 15. Qd2 Qe7 16. e5 dxe5 17. Bxe5 Ne4 18. Rxe4 Bxe5 19. Rae1 Qd6 20. Qe2 f6 21. Re3 Bd7 22. Ne4 Qb6 23. Qc2 Bd4 24. R3e2 c4 25. Bxc4 f5 26. Ng5 Bxf2+ 27. Kh2 Qd6+ 28. Kh1 Bxe1 29. Ne6 Ba5 30. b4 Bxb4 31. Qb2 Bxe6 32. dxe6 Re7 33. Re3 Qd1+ 34. Kh2 Bd6+ 35. g3 f4 36. Rd3 fxg3+ 37. Kg2 Qxa4 0-1

[Event "Ligue elite du dimanche"]
[Site "Montreal CAN"]
[Date "2007.09.16"]
[Round "2"]
[White "Landou, Mohamed"]
[Black "Zire, Mohamed"]
[Result "1-0"]
[WhiteElo "1364"]
[BlackElo "1385"]
[PlyCount "85"]
[GameId "2160767910579306"]
[EventDate "2007.09.09"]
[EventType "swiss"]
[EventRounds "5"]
[EventCountry "CAN"]
[SourceTitle "EXT 2022"]
[Source "ChessBase"]
[SourceDate "2021.10.06"]
[SourceVersion "1"]
[SourceVersionDate "2021.10.06"]
[SourceQuality "1"]

1. e4 e5 2. Nf3 Nc6 3. Bb5 a6 4. Be2 Nf6 5. Nc3 d5 6. exd5 Nxd5 7. O-O f5 8. Bc4 Be6 9. Ng5 Bg8 10. Bb3 Be7 11. Nh3 g5 12. Nxd5 Bxd5 13. Qh5+ Kf8 14. Nxg5 Bxg5 15. Bxd5 Qf6 16. d3 Bxc1 17. Raxc1 Rd8 18. Bxc6 bxc6 19. f4 e4 20. dxe4 fxe4 21. Qe5 Kg7 22. Qxc7+ Kg6 23. f5+ Kh6 24. Qf4+ Kg7 25. Qxe4 Rhe8 26. Qg4+ Kf8 27. c3 Rd5 28. Rcd1 Rde5 29. Rd7 Re4 30. Qh5 Rh4 31. Qf3 Qh6 32. Qd1 Qe3+ 33. Kh1 Qh6 34. Qd6+ Kg8 35. Qxh6 Rxh6 36. Rd2 Kg7 37. g3 Re3 38. Rd7+ Kf8 39. Rd2 Rxg3 40. f6 Kf7 41. Rd7+ Kf8 42. f7 Rgh3 43. Rd8+ 1-0

[Event "Ligue elite du dimanche"]
[Site "Montreal CAN"]
[Date "2007.09.16"]
[Round "2"]
[White "Landry, Martin"]
[Black "Bouchard, Jean-Marc"]
[Result "0-1"]
[WhiteElo "1636"]
[BlackElo "1760"]
[PlyCount "78"]
[GameId "2160767910579307"]
[EventDate "2007.09.09"]
[EventType "swiss"]
[EventRounds "5"]
[EventCountry "CAN"]
[SourceTitle "EXT 2022"]
[Source "ChessBase"]
[SourceDate "2021.10.06"]
[SourceVersion "1"]
[SourceVersionDate "2021.10.06"]
[SourceQuality "1"]

1. d4 d5 2. c4 dxc4 3. Nc3 a6 4. a4 Nc6 5. d5 Na5 6. e4 e6 7. Qc2 Bb4 8. Be3 exd5 9. Rd1 c6 10. exd5 cxd5 11. Nf3 Ne7 12. Nd4 O-O 13. Be2 Qd6 14. O-O Qg6 15. Qc1 Be6 16. Bf3 Rad8 17. Rfe1 Nf5 18. Nxe6 fxe6 19. Bb6 Nh4 20. Kh1 Nxf3 21. gxf3 Rde8 22. Rg1 Qf6 23. Rg3 Nb3 24. Qe3 Bxc3 25. bxc3 Qf4 26. Rdg1 g6 27. Qxf4 Rxf4 28. Be3 Rf5 29. Bh6 Kf7 30. Kg2 Nc5 31. h4 Nxa4 32. Rh1 Rg8 33. Be3 Nxc3 34. h5 Rxh5 35. Rxh5 gxh5 36. Kf1 Rxg3 37. fxg3 e5 38. Ke1 d4 39. Bd2 Nd5 0-1

[Event "Ligue elite du dimanche"]
[Site "Montreal CAN"]
[Date "2007.09.16"]
[Round "2"]
[White "Luo, Zhao Yang"]
[Black "Luo, Alan"]
[Result "0-1"]
[WhiteElo "1093"]
[BlackElo "707"]
[PlyCount "37"]
[GameId "2160767910579308"]
[EventDate "2007.09.09"]
[EventType "swiss"]
[EventRounds "5"]
[EventCountry "CAN"]
[SourceTitle "EXT 2022"]
[Source "ChessBase"]
[SourceDate "2021.10.06"]
[SourceVersion "1"]
[SourceVersionDate "2021.10.06"]
[SourceQuality "1"]

1. e4 e5 2. Nf3 Nc6 3. Bc4 Nf6 4. Nc3 Bb4 5. O-O O-O 6. Re1 d6 7. a3 Bc5 8. d3 Bg4 9. h3 Bd7 10. Bg5 h6 11. Bh4 Bd4 12. Nxd4 Nxd4 13. Nd5 c6 14. Nxf6+ gxf6 15. c3 b5 16. Ba2 Ne6 17. d4 exd4 18. Bxe6 fxe6 19. Qg4+ 0-1

[Event "Ligue elite du dimanche"]
[Site "Montreal CAN"]
[Date "2007.09.16"]
[Round "2"]
[White "Wu, Qiyou"]
[Black "Dardoura, Khaled"]
[Result "0-1"]
[WhiteElo "1107"]
[BlackElo "1226"]
[PlyCount "150"]
[GameId "2160767910579309"]
[EventDate "2007.09.09"]
[EventType "swiss"]
[EventRounds "5"]
[EventCountry "CAN"]
[SourceTitle "EXT 2022"]
[Source "ChessBase"]
[SourceDate "2021.10.06"]
[SourceVersion "1"]
[SourceVersionDate "2021.10.06"]
[SourceQuality "1"]

1. e4 e6 2. d4 d5 3. e5 c5 4. c3 Nc6 5. a3 Qb6 6. Nf3 Nh6 7. b4 cxd4 8. cxd4 Nf5 9. Be3 Be7 10. Bd3 Nxe3 11. fxe3 O-O 12. O-O a6 13. Nc3 Qd8 14. Rf2 Bd7 15. Qe2 Rc8 16. Nb1 Na7 17. e4 Bb5 18. Nbd2 Rc3 19. Bxb5 Nxb5 20. exd5 Qxd5 21. Qe4 Qxe4 22. Nxe4 Rxa3 23. Rxa3 Nxa3 24. Nc5 Rb8 25. Ne1 Bg5 26. Kf1 Be3 27. Rf3 Nc4 28. Ke2 Bxd4 29. Nxb7 Nxe5 30. Rf4 Rxb7 31. Rxd4 Rd7 32. Ke3 Rxd4 33. Kxd4 Nd7 34. Nd3 Kf8 35. Nc5 Nb8 36. Ne4 Ke7 37. Kc5 f5 38. Ng5 h6 39. Nf3 Kd7 40. Kb6 Nc6 41. Kxa6 Nxb4+ 42. Kb5 Nd3 43. Kc4 Nf4 44. g3 Ng6 45. Kc5 e5 46. Kd5 e4 47. Nd4 e3 48. Kc4 Ne5+ 49. Kd5 Nd3 50. Kc4 Nc1 51. Kc3 g6 52. Kc2 e2 53. Nf3 e1=Q 54. Nxe1 Ne2 55. Kd3 Ng1 56. Ke3 Nh3 57. Nd3 Kd6 58. Kd4 Ng1 59. Ke3 g5 60. h4 Kd5 61. hxg5 hxg5 62. g4 fxg4 63. Kf2 Ke4 64. Kg3 Kf5 65. Nf2 Ne2+ 66. Kg2 g3 67. Nd3 Nf4+ 68. Nxf4 gxf4 69. Kf3 Kg5 70. Kg2 Kg4 71. Kh1 Kh3 72. Kg1 g2 73. Kf2 Kh2 74. Kf3 g1=Q 75. Kxf4 Qe1 0-1

[Event "Ligue elite du dimanche"]
[Site "Montreal CAN"]
[Date "2007.09.23"]
[Round "3"]
[White "Arsenault, Nicolas"]
[Black "Cloutier, Mathieu"]
[Result "0-1"]
[WhiteElo "2207"]
[BlackElo "2048"]
[PlyCount "124"]
[GameId "2160767910579310"]
[EventDate "2007.09.09"]
[EventType "swiss"]
[EventRounds "5"]
[EventCountry "CAN"]
[SourceTitle "EXT 2022"]
[Source "ChessBase"]
[SourceDate "2021.10.06"]
[SourceVersion "1"]
[SourceVersionDate "2021.10.06"]
[SourceQuality "1"]

1. e4 c5 2. Nf3 Nc6 3. d4 cxd4 4. Nxd4 g6 5. Nc3 Bg7 6. Be3 Nf6 7. Bc4 Qa5 8. O-O O-O 9. Bb3 d6 10. h3 Bd7 11. Re1 Nxd4 12. Bxd4 Bc6 13. Nd5 Rfe8 14. c4 Nd7 15. Bc2 Ne5 16. b4 Qd8 17. f4 Nd7 18. Bxg7 Kxg7 19. Kh1 b6 20. Qd2 Rc8 21. Bb3 e5 22. f5 Qh4 23. Rf1 Bxd5 24. exd5 Nf6 25. Qe1 Qxe1 26. Raxe1 g5 27. Ba4 Rh8 28. Bc6 h5 29. g3 Rc7 30. a4 Rb8 31. Kg2 g4 32. h4 Ng8 33. b5 Kf6 34. Ra1 Ne7 35. Ra2 a5 36. Raf2 Ng8 37. Re1 Re7 38. Kf1 e4 39. Ke2 Rd8 40. Rf4 Nh6 41. Kf2 Nxf5 42. Rexe4 Re5 43. Re2 Kg6 44. Rxe5 dxe5 45. Re4 Kf6 46. Re2 Nd6 47. Rc2 Kg6 48. Ke3 f5 49. c5 bxc5 50. b6 Rf8 51. Rxc5 f4+ 52. gxf4 exf4+ 53. Ke2 f3+ 54. Kf1 Ne4 55. Rc1 Ng3+ 56. Kf2 Ne2 57. Rg1 Nxg1 58. Kxg1 g3 59. d6 f2+ 60. Kf1 Kf6 61. d7 Ke7 62. Bb5 Rb8 0-1

[Event "Ligue elite du dimanche"]
[Site "Montreal CAN"]
[Date "2007.09.23"]
[Round "3"]
[White "Bouchard, Jean-Marc"]
[Black "Landou, Mohamed"]
[Result "1-0"]
[WhiteElo "1760"]
[BlackElo "1364"]
[PlyCount "84"]
[GameId "2160767910579311"]
[EventDate "2007.09.09"]
[EventType "swiss"]
[EventRounds "5"]
[EventCountry "CAN"]
[SourceTitle "EXT 2022"]
[Source "ChessBase"]
[SourceDate "2021.10.06"]
[SourceVersion "1"]
[SourceVersionDate "2021.10.06"]
[SourceQuality "1"]

1. e4 e5 2. Nf3 Nf6 3. Nc3 Nc6 4. Bb5 d6 5. d4 exd4 6. Nxd4 Bd7 7. O-O Nxd4 8. Bxd7+ Qxd7 9. Qxd4 Be7 10. e5 dxe5 11. Qxe5 O-O 12. Bf4 Bd6 13. Qd4 Bxf4 14. Qxf4 Rfe8 15. Rad1 Qe7 16. h3 Qe5 17. Qc4 c6 18. Rd3 Rad8 19. Re3 Qf5 20. Rxe8+ Rxe8 21. Ne2 Qe5 22. Nc3 Rd8 23. Nd1 Qd4 24. Qb3 Rd7 25. Ne3 Ne4 26. Rd1 Nd2 27. Qa3 g6 28. c3 Qb6 29. b3 a6 30. Qc1 Qd8 31. c4 Ne4 32. Rxd7 Qxd7 33. Ng4 Qd4 34. Qf4 Qd1+ 35. Kh2 Qd6 36. Ne5 f5 37. g4 Nxf2 38. gxf5 Nd3 39. Nxd3 Qxf4+ 40. Nxf4 gxf5 41. Kg3 Kf7 42. Nd3 Kf6 1-0

[Event "Ligue elite du dimanche"]
[Site "Montreal CAN"]
[Date "2007.09.23"]
[Round "3"]
[White "Dardoura, Khaled"]
[Black "Luo, Zhao Yang"]
[Result "1-0"]
[WhiteElo "1226"]
[BlackElo "1093"]
[PlyCount "141"]
[GameId "2160767910579312"]
[EventDate "2007.09.09"]
[EventType "swiss"]
[EventRounds "5"]
[EventCountry "CAN"]
[SourceTitle "EXT 2022"]
[Source "ChessBase"]
[SourceDate "2021.10.06"]
[SourceVersion "1"]
[SourceVersionDate "2021.10.06"]
[SourceQuality "1"]

1. d4 Nf6 2. c4 d5 3. Nc3 Bd7 4. cxd5 c6 5. Nf3 cxd5 6. Qb3 Bc6 7. e3 e6 8. Bd3 Bd6 9. O-O O-O 10. Bb5 Qb6 11. Bd2 Nbd7 12. Rac1 Rac8 13. Ba4 Bxa4 14. Nxa4 Qxb3 15. axb3 Ne4 16. Nc3 Ndf6 17. Nb5 Bb8 18. Bb4 Rfd8 19. Be7 Re8 20. Bxf6 Nxf6 21. Nd2 a6 22. Nc3 Rc6 23. Na4 Rec8 24. Rxc6 Rxc6 25. Nc5 Rb6 26. Rc1 Rc6 27. Rc3 Rc7 28. Nxb7 Nd7 29. Rxc7 Bxc7 30. Nc5 Nxc5 31. dxc5 Kf8 32. b4 Ke7 33. Nb3 Kd7 34. f4 Kc6 35. Nd4+ Kd7 36. Kf2 a5 37. b5 e5 38. fxe5 Bxe5 39. b3 g6 40. g3 f5 41. Nc6 Bc3 42. Ke2 Kc7 43. Kd3 Be1 44. Kd4 Bf2 45. Nxa5 g5 46. b6+ Kb8 47. Nc6+ Kb7 48. Ne7 f4 49. gxf4 gxf4 50. Nxd5 f3 51. Ke4 Bg1 52. Kxf3 Bxh2 53. b4 h5 54. b5 h4 55. c6+ Kb8 56. Ne7 h3 57. c7+ Bxc7 58. bxc7+ Kxc7 59. Nd5+ Kb7 60. b6 Kc6 61. Kg3 Kb7 62. Kxh3 Kc6 63. Kg4 Kb7 64. Kf5 Kc6 65. Ke6 Kb7 66. Kd6 Ka6 67. b7 Ka7 68. Kc7 Ka6 69. b8=Q Ka5 70. Qb4+ Ka6 71. Qb6# 1-0

[Event "Ligue elite du dimanche"]
[Site "Montreal CAN"]
[Date "2007.09.23"]
[Round "3"]
[White "Luo, Alan"]
[Black "Deer, Dennis"]
[Result "0-1"]
[WhiteElo "707"]
[BlackElo "1321"]
[PlyCount "104"]
[GameId "2160767910579313"]
[EventDate "2007.09.09"]
[EventType "swiss"]
[EventRounds "5"]
[EventCountry "CAN"]
[SourceTitle "EXT 2022"]
[Source "ChessBase"]
[SourceDate "2021.10.06"]
[SourceVersion "1"]
[SourceVersionDate "2021.10.06"]
[SourceQuality "1"]

1. e4 c5 2. Nf3 g6 3. Nc3 Nc6 4. Bb5 Bg7 5. d3 d6 6. Bf4 Bd7 7. O-O a6 8. Bc4 Nf6 9. h3 O-O 10. Nd5 b5 11. Bb3 Nh5 12. Be3 Bxb2 13. Rb1 Bg7 14. Re1 a5 15. a3 b4 16. Ba2 Na7 17. axb4 axb4 18. c3 bxc3 19. Nxc3 Bxc3 20. Re2 Qc7 21. Rc1 Qa5 22. Rec2 Bg7 23. Bd5 Bc6 24. Bxc6 Nxc6 25. d4 Nxd4 26. Bxd4 cxd4 27. Nxd4 Qe5 28. Ne2 Qxe4 29. f3 Qe6 30. Qe1 Rfc8 31. Rxc8+ Rxc8 32. Nc3 Qxe1+ 33. Rxe1 Rxc3 34. Rxe7 Bd4+ 35. Kh2 Rc2 36. Re8+ Kg7 37. Rd8 Be5+ 38. Kg1 Nf4 39. Rb8 Rxg2+ 40. Kf1 Rh2 41. Rb3 Nxh3 42. Re3 Nf4 43. Re1 Rh1+ 44. Kf2 Rxe1 45. Kxe1 Kf6 46. Kf2 Kf5 47. Ke3 h5 48. Kf2 d5 49. Kg3 d4 50. Kf2 h4 51. Kf1 Nd5 52. Ke1 Kf4 0-1

[Event "Ligue elite du dimanche"]
[Site "Montreal CAN"]
[Date "2007.09.23"]
[Round "3"]
[White "Perreault, Jacques"]
[Black "Landry, Martin"]
[Result "0-1"]
[WhiteElo "1593"]
[BlackElo "1636"]
[PlyCount "110"]
[GameId "2160767910579314"]
[EventDate "2007.09.09"]
[EventType "swiss"]
[EventRounds "5"]
[EventCountry "CAN"]
[SourceTitle "EXT 2022"]
[Source "ChessBase"]
[SourceDate "2021.10.06"]
[SourceVersion "1"]
[SourceVersionDate "2021.10.06"]
[SourceQuality "1"]

1. c4 e5 2. Nf3 d6 3. g3 f5 4. d3 Nf6 5. Bg2 Be7 6. Nc3 c6 7. b4 e4 8. dxe4 fxe4 9. Ng5 d5 10. Qb3 h6 11. cxd5 hxg5 12. Bxg5 Nxd5 13. Bxe7 Qxe7 14. Nxd5 cxd5 15. Qxd5 Qxb4+ 16. Kd1 Nc6 17. Bxe4 Qd4+ 18. Qxd4 Nxd4 19. Rc1 Rh6 20. Rc7 Rd6 21. Bd3 Ne6 22. Rc3 Bd7 23. e4 Bb5 24. Ke2 Nd4+ 25. Ke3 Rad8 26. e5 Rc6 27. Bxb5 Nxb5 28. Rxc6 bxc6 29. Rc1 Nd4 30. Rc4 Nf5+ 31. Ke4 Ne7 32. Ra4 Rd7 33. e6 Rd6 34. Ke5 Rd5+ 35. Ke4 a5 36. h4 Kd8 37. g4 Ng6 38. f4 Nxh4 39. Rc4 Rd6 40. Ke5 Ke7 41. f5 Nf3+ 42. Kf4 Rd4+ 43. Rxd4 Nxd4 44. Kg5 c5 45. Kg6 Nxe6 46. fxe6 c4 47. g5 c3 48. Kxg7 c2 49. g6 c1=Q 50. Kh7 Kf6 51. e7 Qc7 52. Kh8 Qh2+ 53. Kg8 Kxe7 54. a4 Qh6 55. g7 Kf6 0-1

[Event "Ligue elite du dimanche"]
[Site "Montreal CAN"]
[Date "2007.09.23"]
[Round "3"]
[White "Zire, Mohamed"]
[Black "Germain, Max"]
[Result "1-0"]
[WhiteElo "1385"]
[BlackElo "1599"]
[PlyCount "51"]
[GameId "2160767910579315"]
[EventDate "2007.09.09"]
[EventType "swiss"]
[EventRounds "5"]
[EventCountry "CAN"]
[SourceTitle "EXT 2022"]
[Source "ChessBase"]
[SourceDate "2021.10.06"]
[SourceVersion "1"]
[SourceVersionDate "2021.10.06"]
[SourceQuality "1"]

1. e4 c5 2. Nf3 Nc6 3. d4 cxd4 4. Nxd4 d6 5. Nc3 e5 6. Nf3 Nf6 7. Bg5 a6 8. Bc4 Be7 9. O-O Rb8 10. a4 O-O 11. Re1 Be6 12. Bf1 Ne8 13. Be3 f5 14. exf5 Rxf5 15. Bd3 Rf8 16. Qe2 d5 17. Nxe5 Nxe5 18. Bd4 Bd6 19. Bxe5 Bxe5 20. Qxe5 Rf6 21. Rad1 Rh6 22. Be4 Nc7 23. Nxd5 Rc8 24. Nb6 Qe8 25. Nxc8 Rh5 26. Qxc7 1-0

[Event "Ligue elite du dimanche"]
[Site "Montreal CAN"]
[Date "2007.09.24"]
[Round "3"]
[White "Gauthier, Denis"]
[Black "Gilman, Arkadiy"]
[Result "0-1"]
[WhiteElo "1996"]
[BlackElo "2068"]
[PlyCount "62"]
[GameId "2160767910579316"]
[EventDate "2007.09.09"]
[EventType "swiss"]
[EventRounds "5"]
[EventCountry "CAN"]
[SourceTitle "EXT 2022"]
[Source "ChessBase"]
[SourceDate "2021.10.06"]
[SourceVersion "1"]
[SourceVersionDate "2021.10.06"]
[SourceQuality "1"]

1. d4 d5 2. c4 c6 3. Nf3 Nf6 4. Nc3 a6 5. c5 Nbd7 6. Bf4 Nh5 7. e3 b6 8. cxb6 Nxf4 9. exf4 Qxb6 10. Qd2 Rb8 11. Rb1 e6 12. Bd3 c5 13. dxc5 Nxc5 14. Bc2 a5 15. O-O Be7 16. Rfe1 O-O 17. Nxd5 exd5 18. Rxe7 Be6 19. f5 Qd6 20. Ra7 Bd7 21. Qxa5 Rfc8 22. Qd2 Bc6 23. Nd4 Ne4 24. Qe3 Rb4 25. a3 Rc4 26. Bd3 Rc5 27. Nb3 d4 28. Nxd4 Rd5 29. Bxe4 Rxd4 30. Qb3 Be8 31. Re1 Rxe4 0-1